1983 1050 1836 1078 1563 1670 1833 1266 1140 1784 1376 1893 1162 1663 1909 1729 1170 1444 1723 1271 1197 1155 1464 1053 1359 1474 1509 1234 1950 1839 1834 1750 1346 1009 1718 1355 1221 1945 1932 1289 1836 1026 1129 1016 1158 1937 1422 1997 1881 1838 1286 1513 1703 1192 1457 1927 1244 1638 1214 1453 1509 1365 1076 1700 1367 1556 1730 1160 1527 1068 1834 1276 1949 1452 1569 1536 1295 1008 1261 1330 1244 1282 1956 1407 1795 1466 1470 1707 1657 1581 1064 1303 1017 1733 1018 1908 1949 1237 1632 BCNSPRNW ULIB Ver.6.0+V

เปลี่ยนเป็นภาษาไทย

Change to English
 แสดงรายละเอียดบรรณานุกรม
  กลับหน้าหลัก

Brief Record : Get Marc (ISO 2709) : E-mail record : QR code < ปิดหน้าต่าง
LEADER : 00000nam 2200000uu 4500
001    13399112327
003     ULIB
008    110627s2554||||th 000 0 tha d
020    9786167389332
090    นว.^bก333ส 2554
100 0  กษิรา
245 00 เสิร์ฟรักรสกาแฟ...Cup of love/^cกษิรา
260    กรุงเทพฯ :^bบีไมน์,^c2554
300    408 หน้า
710 1  บีไมน์
945    ^p260^l0^i030401
995    ทศพร
999 ^a ใช้งานได้ทุกระบบ
รายการนี้ยังไม่มีแท็ก
คุณยังไม่ได้ล็อกอิน คุณสามารถมีกิจกรรมร่วมกับเว็บไซต์ได้ แต่ต้องล็อกอินก่อน ::
  ล็อกอิน

รายการสื่อสารสนเทศ

ลำดับที่ ประเภท เลขเรียก/บาร์โค้ด สถานที่ สถานะ
- ไม่พบข้อมูล -

BibComment


ยังไม่เคยถูกคอมเมนท์

คอมเมนท์ทรัพยากรรายการนี้
  คอมเมนท์: เสิร์ฟรักรสกาแฟCu..


 Copyright 2026. Bcnsprnw @Library